| 000 | 00514nam a2200181Ia 4500 | ||
|---|---|---|---|
| 005 | 20250508150411.0 | ||
| 008 | 008 250505s9999 xx 000 0 eng d | ||
| 037 | _aTextual | ||
| 040 |
_aFEDL _beng _cFEDL |
||
| 041 |
_aeng _2eng |
||
| 084 |
_a649.1, SPO _qFEDL |
||
| 100 |
_aSpock Benjamin _9756601 |
||
| 245 | 0 | _aCommon sense book of baby and child care | |
| 260 |
_aNew York, USA _bDuell, Sloan and Pearce _c1946 |
||
| 300 | _a527p. | ||
| 942 |
_cTEXL _h649.1, SPO |
||
| 999 |
_c1323440 _d1323440 |
||